| 000 | 00501nam a22001817a 4500 | ||
|---|---|---|---|
| 008 | 111020t xxu||||| |||| 00| 0 eng d | ||
| 020 | _a978 2 247 07590 4 | ||
| 040 |
_aBUAC _cCDIRSP |
||
| 041 | _aFr | ||
| 100 |
_aBARIL, Denis _919705 |
||
| 245 |
_aTechniques de l'expression écrite et orale _c / Denis BARIL |
||
| 250 | _a11 è éd. | ||
| 260 |
_aParis : _bSIREY, _c2008 |
||
| 300 | _a345 p. | ||
| 650 |
_aLangue française _919706 |
||
| 653 |
_aTechniques _aExpression _aCours |
||
| 942 | _cLIV | ||
| 999 |
_c49819 _d49819 |
||